| 000 | 00782nam a2200277Ia 4500 | ||
|---|---|---|---|
| 008 | 160216s9999 xx 000 0 und d | ||
| 020 | _a0-7216-0322-X | ||
| 050 | _aMAIN RG 951 | ||
| 050 | _b.C67 2004 | ||
| 245 | _aCore curriculum for maternal-newborn nursing / | ||
| 245 | _cedited by Susan Mattson, Judy E. Smith. | ||
| 250 | _a3rd Edition | ||
| 260 | _aSt. Louis, Missouri : | ||
| 260 | _bElsevier Saunders. | ||
| 260 | _c2004 | ||
| 300 | _a943 pages: | ||
| 300 | _bill. ; | ||
| 300 | _c26 cm. | ||
| 500 | _aIncludes bibliographical references and index. | ||
| 650 | _aCurriculum -- | ||
| 650 | _aMaternal -- | ||
| 650 | _aMaternity nursing -- | ||
| 650 | _xChild -- Nurisng -- Outlines. | ||
| 650 | _xOutlines, syllabi, etc. | ||
| 650 | _xOutlines. | ||
| 999 |
_c290908 _d290908 |
||